000
00296nam a2200085Ia 4500
245
0
_a
Up in arms pursuing accountability for the arms deal in Parliament
100
_a
Taljaard, Raenette, Auckland Park, [South Africa], 2012
_9
56072
942
_c
BK
008
210817s9999 xx 000 0 und d
999
_c
323937
_d
323936